000 00638nam a2200193 i 4500
001 88273
003 ES-MaACL
005 20231229062543.0
007 t|
008 050104s1964 sp ||||1| spa d
100 1 _aLagos, Ramiro,
_d1922-
_9176491
245 1 0 _aTestimonio de las hojas grises /
_cRamiro Lagos ; prólogo de Federico Carlos Sainz de Robles ; ilustraciones de V. Boticario.
260 _aMadrid :
_bStudium,
_c1964.
300 _a88 p. ;
_c21 cm.
700 1 _aSainz de Robles, Federico Carlos,
_d1898-1982
_9101593
700 1 _aBoticario, V.
_930781
852 _aES-MaACL
_jC-26424
_bR.54997
999 _c88273
_d88273